000 00678cam a2200205u 4500
999 _c127423
_d127423
001 7135886
003 ARRUPE
005 20180117113948.0
008 840313s1859 fr 000 0 fre
010 _a 74216114
040 _aDLC
_cCarP
_dDLC
050 0 0 _aBR60
_b.E35
245 1 4 _aLes pères apostoliques
_becrits de la primitive eglise
_cFrance Quere (tr.)
260 _aRome,
_bEditions du Seuil,
_c1980.
300 _a253 p. ;
_c18 cm.
440 _aPoints Sagesses
_n22
_938576
650 _aTheology
_xEarly works
_938577
700 _aFrance Quere (tr.)
_938578
906 _a0
_bcbc
_cpremunv
_du
_encip
_f19
_gy-gencatlg
942 _2lcc
_cMONOGRAPH